| 000 | 00426nam a2200145Ia 4500 | ||
|---|---|---|---|
| 008 | 151021s9999 xx 000 0 und d | ||
| 020 | _a9.7881312214e+012 | ||
| 050 | _aTK5105.2.M832001 | ||
| 245 | _a_Multimedia Communications Directions and Innovations | ||
| 260 | _aUSA Academic Press 2001 | ||
| 300 | _axviii,318p.;ill. | ||
| 500 | _aIncludes Index | ||
| 650 | _a_Multimedia | ||
| 980 | _a^d20110107 01:02:41^okilerai | ||
| 999 |
_c5935 _d5935 |
||